Drivers of Deindustrialisation: Structural Decomposition Analysis

Na minha lista:
Detalhes bibliográficos
Autor principal: Stracová, Erika, 1993-
Outros Autores: Lábaj, Martin, 1982-
Formato: Capítulo de Livro
Idioma:inglês
Tags: Adicionar Tag
Sem tags, seja o primeiro a adicionar uma tag!

MARC

LEADER 00000naa$a2200000$$$4500
001 0249809
005 20240502083712.3
041 0 |a eng 
044 |a CZ 
245 1 0 |a Drivers of Deindustrialisation: Structural Decomposition Analysis  |c Erika Stracová, Martin Lábaj 
500 |a Abstrakt 
100 1 |a Stracová, Erika, 1993- 
700 1 |a Lábaj, Martin, 1982-